| 000 | 00590nam a2200193Ia 4500 | ||
|---|---|---|---|
| 005 | 20140402081305.0 | ||
| 008 | 140130s9999 xx 000 0 und d | ||
| 020 | _a0439256135 | ||
| 050 |
_aBJ 1661 _b.Y81 2000 |
||
| 100 |
_aYoungs, Betty B. _931243 |
||
| 245 |
_cBetty B. Youngs. _aTaste berries for teens : _binspirational short stories and encouragement on life, love, friendship, and tough issues / |
||
| 260 |
_bScholastic, _c2000. _aU.S.A.: |
||
| 300 |
_a144 p. : _bill. ; _c22 cm. |
||
| 440 |
_v1 _931174 |
||
| 521 | _aG8 | ||
| 526 | _c970 | ||
| 942 |
_cBK _2lcc |
||
| 999 |
_c41315 _d41315 |
||